Letterboxd Top 100 - Statistics

General Stats
  • This quiz has been taken 16 times
  • The average score is 52 of 100
Answer Stats
# Director Year Answer % Correct
17 Christopher Nolan 2008 The Dark Knight
100%
2 Francis Ford Coppola 1972 The Godfather
100%
18 Martin Scorsese 1990 GoodFellas
93%
70 Fritz Lang 1931 M
93%
44 Alfred Hitchcock 1960 Psycho
93%
25 Quentin Tarantino 1994 Pulp Fiction
93%
3 Francis Ford Coppola 1974 The Godfather: Part II
93%
35 Stanley Kubrick 1968 2001: A Space Odyssey
87%
86 Federico Fellini 1963 8 1/2
87%
1 Bong Joon-ho 2019 Parasite
87%
42 Alfred Hitchcock 1954 Rear Window
80%
75 Martin Scorsese 1976 Taxi Driver
80%
67 Peter Jackson 2001 The Lord of the Rings: The Fellowship of the Ring
80%
37 Peter Jackson 2003 The Lord of the Rings: The Return of the King
80%
92 Peter Jackson 2002 The Lord of the Rings: The Two Towers
80%
7 Sidney Lumet 1957 12 Angry Men
73%
50 Ridley Scott 1979 Alien
73%
33 Francis Ford Coppola 1979 Apocalypse Now
73%
99 David Fincher 1995 Seven
73%
6 Akira Kurosawa 1954 Seven Samurai
73%
97 George Lucas 1977 Star Wars
73%
12 Irvin Kershner 1980 Star Wars: The Empire Strikes Back
73%
19 Sergio Leone 1966 The Good, The Bad and the Ugly
73%
45 Stanley Kubrick 1980 The Shining
73%
63 Charles Chaplin 1931 City Lights
67%
96 Stanley Kubrick 1964 Dr. Strangelove or: How I Learned to Stop Worrying and Love the Bomb
67%
81 Joel & Ethan Coen 2007 No Country for Old Men
67%
41 Stanley Kubrick 1957 Paths of Glory
67%
40 Akira Kurosawa 1985 Ran
67%
22 Andrei Tarkovsky 1979 Stalker
67%
61 Billy Wilder 1960 The Apartment
67%
5 Elem Klimov 1985 Come and See
60%
84 Spike Lee 1989 Do the Right Thing
60%
4 Masaki Kobayashi 1962 Harakiri
60%
34 Wong Kar-wai 2000 In the Mood for Love
60%
53 Sergio Leone 1968 Once Upon a Time in the West
60%
47 Wim Wenders 1984 Paris, Texas
60%
20 Steven Spielberg 1993 Schindler's List
60%
80 Stanley Donen & Gene Kelly 1952 Singin' in the Rain
60%
9 Hayao Miyazaki 2001 Spirited Away
60%
83 Ingmar Bergman 1957 The Seventh Seal
60%
88 Ingmar Bergman 1978 Autumn Sonata
53%
85 Stanley Kubrick 1975 Barry Lyndon
53%
93 David Fincher 1999 Fight Club
53%
15 Akira Kurosawa 1963 High and Low
53%
24 Akira Kurosawa 1952 Ikiru
53%
76 Frank Capra 1946 It's a Wonderful Life
53%
65 Park Chan-wook 2003 Oldboy
53%
29 Ingmar Bergman 1966 Persona
53%
30 Billy Wilder 1950 Sunset Boulevard
53%
14 Masaki Kobayashi 1961 The Human Condition III: A Soldier's Prayer
53%
55 Masaki Kobayashi 1959 The Human Condition II: Road to Eternity
53%
28 Masaki Kobayashi 1959 The Human Condition I: No Greater Love
53%
26 Paul Thomas Anderson 2007 There Will Be Blood
53%
31 Yasujirō Ozu 1953 Tokyo Story
53%
23 Edward Yang 2000 Yi Yi
53%
32 Andrei Tarkovsky 1966 Andrei Rublev
47%
57 John Cassavetes 1974 A Woman Under the Influence
47%
43 Ingmar Bergman 1982 Fanny and Alexander
47%
95 François Truffaut 1959 The 400 Blows
47%
27 Carl Theodor Dreyer 1929 The Passion of Joan of Arc
47%
64 John Carpenter 1982 The Thing
47%
39 Damien Chazelle 2014 Whiplash
47%
10 Edward Yang 1991 A Brighter Summer Day
40%
77 Richard Linklater 1995 Before Sunrise
40%
78 Yasujirō Ozu 1949 Late Spring
40%
74 David Lean 1962 Lawrence of Arabia
40%
87 Bong Joon-ho 2003 Memories of Murder
40%
68 Andrei Tarkovsky 1975 Mirror
40%
91 Paul Schrader 1985 Mishima: A Life in Four Chapters
40%
66 Miloš Forman 1975 One Flew Over the Cuckoo's Nest
40%
21 Béla Tarr 1994 Satantango
40%
51 Jonathan Demme 1991 The Silence of the Lambs
40%
71 Greta Gerwig 2019 Little Women
33%
52 Carl Theodor Dreyer 1955 Ordet
33%
49 Hayao Miyazaki 1997 Princess Mononoke
33%
58 Kenji Mizoguchi 1954 Sansho the Bailiff
33%
89 Buster Keaton 1924 Sherlock, Jr.
33%
46 Park Chan-wook 2016 The Handmaiden
33%
69 Michael Powell & Emeric Pressburger 1948 The Red Shoes
33%
16 Frank Darabont 1994 The Shawshank Redemption
33%
90 Jean-Pierre Melville 1969 Army of Shadows
27%
79 Richard Linklater 2004 Before Sunset
27%
94 Giuseppe Tornatore 1988 Cinema Paradiso
27%
72 Satyajit Ray 1955 Pather Panchali
27%
13 Céline Sciamma 2019 Portrait of a Lady on Fire
27%
56 Ingmar Bergman 1974 Scenes from a Marriage
27%
38 Hiroshi Teshigahara 1964 Woman in the Dunes
27%
98 Michael Curtiz 1942 Casablanca
20%
36 Fernando Meirelles & Kátia Lund 2002 City of God
20%
59 Isao Takahata 1988 Grave of the Fireflies
20%
48 Jacques Becker 1960 Le Trou
20%
11 Rodney Rothman, Peter Ramsey & Bob Persichetti 2018 Spider-Man: Into the Spider-Verse
20%
62 Satyajit Ray 1959 The World of Apu
20%
73 Béla Tarr 2000 Werckmeister Harmonies
20%
8 Guel Arraes 2000 A Dog's Will
13%
82 Don Hertzfeldt 2012 It's Such a Beautiful Day
13%
60 Hideaki Anno & Kazuya Tsurumaki 1997 Neon Genesis Evangelion: The End of Evangelion
13%
54 Walter Salles 1998 Central Station
7%
100 Roger Allers & Rob Minkoff 1994 The Lion King
7%
No matching quizzes found
Score Distribution
Percent of People with Each Score
Percentile by Number Answered
Your Score History
You have not taken this quiz